| 000 | 00709nas a2200253 4500 | ||
|---|---|---|---|
| 001 | BR2016003390 | ||
| 003 | BR-BrBNA | ||
| 005 | 20231205130519.0 | ||
| 007 | ta | ||
| 008 | 230509b bl.|||p| |||| 00| 00por d | ||
| 040 |
_aBR-BrBNA _bpor _cBiblioteca Nacional de Agricultura |
||
| 041 | _a(Pt) | ||
| 072 | _aF01 | ||
| 100 | 1 | _aNascimento, W.M. | |
| 245 | 1 | _aLeguminosas de inverno: alternativa para a região dos cerrados | |
| 650 | _aLEGUMINOSA | ||
| 650 | _aGRÃO | ||
| 650 | _aERVILHA | ||
| 650 | _aGRÃO-DE-BICO | ||
| 650 | _aLENTILHA | ||
| 773 | 0 |
_tNosso Alho (Brazil) _xISSN 2177-2959 _g(Mai 2016), p. 51-54 _wBR2016003390 |
|
| 909 |
_a202311 _bLúcia _c55 _dLúcia Elande |
||
| 942 |
_2AGRIS _n0 _cANA |
||
| 999 |
_c249864 _d249864 |
||